| 000 | 00940nam a2200181Ia 4500 | ||
|---|---|---|---|
| 008 | 081213s9999 xx 000 0 und d | ||
| 050 |
_aBJ1201 _b.L66 1967 |
||
| 100 | _aLong, Edward LeRoy | ||
| 245 |
_aA survey of christian ethics/ _cEdward LeRoy Long |
||
| 260 |
_c1967 _aNew York _bOxford University Press |
||
| 300 |
_aviii,341p. _c24cm. |
||
| 500 | _aIncludes bibliography and index | ||
| 650 | _2Christian ethics | ||
| 942 |
_cBK _2lcc |
||
| 999 |
_c27192 _d27192 |
||